| 000 | 00577nam a22001937a 4500 | ||
|---|---|---|---|
| 005 | 20251108164126.0 | ||
| 008 | 250721s1996 xx 000 0 ara d | ||
| 082 | 1 | 4 | _a025.35/نور |
| 100 | 1 | _aأبو النور، عبد الوهاب | |
| 245 | 1 | 0 |
_aالتصنيف العملي و التكشيف : _bدراسة و نصوص / |
| 264 | 1 |
_aالقاهرة : _bعالم الكتب، _c1996. |
|
| 300 | _a249ص | ||
| 650 | 1 | 7 | _aعلم التصنيف |
| 650 | 1 | 7 | _aالمكتبات |
| 650 | 1 | 7 | _aالفهرسة |
| 650 | 1 | 7 | _aالتكشيف |
| 942 |
_2ddc _cBK |
||
| 999 |
_c4250 _d4250 |
||